Spieler mit mindestens 30 Toren in einer Serie A Saison - Statistiken

Allgemein
  • Dieses Quiz wurde 310 mal gespielt
  • Das Durchschnittsergebnis liegt bei 3 aus 12
Antwortstatistiken
Saison Verein Tore Spieler % Korrekt
2019/2020 Juventus Turin 31 Cristiano Ronaldo
94%
2019/2020 Lazio Rom 36 Ciro Immobile
84%
2015/2016 SSC Neapel 36 Gonzalo Higuaín
58%
2005/2006 AC Florenz 31 Luca Toni
33%
1929/1930 Ambrosiana-Inter 31 Giuseppe Meazza
21%
1949/1950 AC Mailand 35 Gunnar Nordahl
4%
1950/1951 AC Mailand 34 Gunnar Nordahl
4%
1958/1959 Inter Mailand 33 Antonio Angelillo
1%
1933/1934 Juventus Turin 31 Felice Borel
0%
1949/1950 Inter Mailand 30 István Nyers
0%
1950/1951 Inter Mailand 31 István Nyers
0%
1951/1952 Juventus Turin 30 John Hansen
0%
Keine übereinstimmenden Quizze gefunden
Verteilung der Resultate
Anzahl Personen mit jedem Resultat
Perzentil nach korrekt beantworteten Fragen
Ihre Resultats-Entwicklung
Sie haben dieses Quiz noch nicht gespielt